000 00909nam a2200265Ia 4500
003 OSt
005 20220923211009.0
006 a|||||r|||| 00| 0
007 ta
008 220922b |||||||| |||| 00| 0 hin d
020 _a8170286743 (hbk)
_c590
024 _a261,225
037 _b311, 30/06/2011, Vani Prakashan
_cTextual
040 _aARTS
_cARTS
_bhin
041 _2hin
_ahin
082 _aXxN33,IV, 152P6
100 _aसेन, अमर्त्य
_9156971
245 0 _aहिंसा और अस्मिता का संकट
246 _aHiansā aur asmitā kā sankaṭa
260 _aदिल्ली
_b राजपाल
_c2006
300 _a190पृ.
_ccm.
650 _aअर्थशास्त्र
_9156972
942 _hXxN33,IV, 152P6
_cTEXL
_2CC
999 _c293682
_d293682